Văn hoá dân gian với vấn đề phát triển sản phẩm du lịch /

Na minha lista:
Detalhes bibliográficos
Autor principal: Hoàng Văn Hoa.
Outros Autores: Trần Hữu Sơn
Formato: Artigo
Idioma:Vietnamese
Assuntos:
Tags: Adicionar Tag
Sem tags, seja o primeiro a adicionar uma tag!
Thư viện lưu trữ: Thư viện Trường Đại học Đà Lạt
LEADER 00846nam a2200277 4500
001 DLU180184207
005 ##20180402
040 # # |a DLU  |b vie 
041 # # |a vie 
044 # # |a vn 
100 # # |a Hoàng Văn Hoa. 
245 # # |a Văn hoá dân gian với vấn đề phát triển sản phẩm du lịch /  |c Hoàng Văn Hoa, Trần Hữu Sơn. 
653 # # |a Sản phẩm du lịch 
653 # # |a Văn hoá dân gian 
653 # # |a Văn hoá du lịch 
700 # # |a Trần Hữu Sơn 
773 # # |t Tạp chí Văn hoá nghệ thuật  |g Số 381, 2016, tr. 8-11 
920 # # |a Phòng Tạp chí -- Trung tâm Thông tin - Thư viện Trường Đại học Đà Lạt 
994 # # |a DLU 
900 # # |a True 
911 # # |a Trần Thị Minh Hương 
925 # # |a G 
926 # # |a A 
927 # # |a BB 
980 # # |a Thư viện Trường Đại học Đà Lạt